| 000 | 00347nam a2200133Ia 4500 | ||
|---|---|---|---|
| 005 | 20260326235459.0 | ||
| 008 | 260326s9999||||xx |||||||||||||| ||und|| | ||
| 100 | _aLondoño, Francisco | ||
| 245 | 0 |
_aLa Guadua : _b Su aplicación en la Construcción / _cFrancisco Londoño |
|
| 260 | _bBedout | ||
| 300 | _a187 p. | ||
| 650 | _aBAMBÚ | ||
| 942 | _cBK | ||
| 999 |
_c8016 _d8016 |
||